Metodika činnosti průvodce cestovního ruchu

Na minha lista:
Detalhes bibliográficos
Autor principal: Orieška, Ján
Outros Autores: Melichárek, Mirko
Formato: Livro
Idioma:tcheco
Publicado em: Praha Idea Servis 1991
Edição:1. vyd.
Assuntos:
Tags: Adicionar Tag
Sem tags, seja o primeiro a adicionar uma tag!

MARC

LEADER 00000nam a2200000 4500
001 c003007
005 20221214101646.4
020 |a 80-900880-0-7 
041 0 |a cze 
044 |a CZ 
245 1 0 |a Metodika činnosti průvodce cestovního ruchu  |c Ján Orieška ; Prekl. Mirko Melichárek 
250 |a 1. vyd. 
264 1 |a Praha  |b Idea Servis  |c 1991 
300 |a 173 s. 
610 2 0 |a ruch cestovný 
610 2 0 |a ČSFR 
610 2 0 |a sprievodcovia 
610 2 0 |a metodika 
100 1 |a Orieška, Ján 
700 1 |a Melichárek, Mirko